Sports Quiz

Random Sports or Football Quiz

Big 4 Most Team Championships Quiz Stats

 Plays Quiz Updated Nov 2, 2021

     
Support Sporcle.
Go Orange.
Score 0/36 Timer 05:00
37 Plays Today
Championships Team % Correct
27New York Yankees
98.6%
17Los Angeles Lakers
96.1%
17Boston Celtics
95%
6New England Patriots
87.3%
5Cincinnati Reds
87.3%
6Pittsburgh Steelers
85.6%
13Green Bay Packers
84%
9Boston Red Sox
83.3%
8San Francisco Giants
82.7%
5Dallas Cowboys
82.4%
11Detroit Red Wings
82.1%
8New York Giants
81.9%
24Montreal Canadiens
78.4%
11St. Louis Cardinals
72.7%
5San Francisco 49ers
72.2%
6Chicago Bulls
71.3%
7Los Angeles Dodgers
68.1%
4New York Rangers
68%
Championships Team % Correct
6Boston Bruins
67%
13Toronto Maple Leafs
66.6%
9Chicago Bears
65.9%
5Pittsburgh Penguins
62.5%
4Atlanta Braves
60.4%
5Edmonton Oilers
57.1%
4Indianapolis Colts
56%
6Golden State Warriors
55.4%
5San Antonio Spurs
54.1%
9Oakland Athletics
53%
4Philadelphia Eagles
49.2%
4Cleveland Browns
49.1%
4New York Islanders
47.1%
5Washington Football Team
47%
4Detroit Tigers
45.1%
6Chicago Blackhawks
44.4%
5Pittsburgh Pirates
43.4%
4Detroit Lions
41.8%

From the Vault

24 Red Movie Posters

by Sheldon

Movies 6m
Red is such a symbolic color. No wonder they use it so often in the movies.
Remove Ads.
Support Sporcle.
Get the best of Sporcle when you Go Orange. This ad-free experience offers more features, more stats, and more fun while also helping to support Sporcle. Thank you for becoming a member.

Show Comments

Extras

Top Quizzes Today


Score Distribution

Your Account Isn't Verified!

In order to create a playlist on Sporcle, you need to verify the email address you used during registration. Go to your Sporcle Settings to finish the process.

Report this User

Report this user for behavior that violates our Community Guidelines.

Details: